Cuadernos (Record no. 169102)
[ view plain ]
| 000 -LEADER | |
|---|---|
| campo de control de longitud fija | 00948nam a2200253 i 4500 |
| 001 - NÚMERO DE CONTROL | |
| campo de control | 169102 |
| 003 - IDENTIFICADOR DE NÚMERO DE CONTROL | |
| campo de control | ES-MaACL |
| 005 - FECHA Y HORA DE LA ÚLTIMA TRANSACCIÓN | |
| campo de control | 20260610142459.0 |
| 008 - DATOS DE LONGITUD FIJA--INFORMACIÓN GENERAL | |
| campo de control de longitud fija | 080813s2007 sp |||| |dspa d |
| 020 ## - NÚMERO INTERNACIONAL ESTÁNDAR DEL LIBRO | |
| Número Internacional Estándar del Libro | 978-84-672-2603-4 |
| 020 ## - NÚMERO INTERNACIONAL ESTÁNDAR DEL LIBRO | |
| Número Internacional Estándar del Libro | 978-84-8109-684-2 |
| 080 ## - NÚMERO DE LA CLASIFICACIÓN DECIMAL UNIVERSAL | |
| Número de la Clasificación Decimal Universal | 821.133.1-82"19" |
| 100 1# - ENTRADA PRINCIPAL--NOMBRE DE PERSONA | |
| Nombre de persona | Valéry, Paul, |
| Fechas asociadas al nombre | 1871-1945 |
| 9 (RLIN) | 243197 |
| 245 10 - MENCIÓN DEL TÍTULO | |
| Título | Cuadernos |
| Resto del título | : 1894-1945 / |
| Mención de responsabilidad, etc. | Paul Valéry ; selección e introducción de Andrés Sánchez Robayna ; traducción de Maryse Privat, Fátima Sainz y Andrés Sánchez Robayna. |
| 250 ## - MENCION DE EDICION | |
| Mención de edición | Ed. al cuidado de Nicanor Vélez. |
| 260 ## - PUBLICACIÓN, DISTRIBUCIÓN, ETC. | |
| Lugar de publicación, distribución, etc. | Barcelona : |
| Nombre del editor, distribuidor, etc. | Círculo de Lectores : |
| -- | Galaxia Gutenberg, |
| Fecha de publicación, distribución, etc. | 2007. |
| 300 ## - DESCRIPCIÓN FÍSICA | |
| Extensión | 552 p. ; |
| Dimensiones | 21 cm. |
| 600 14 - PUNTO DE ACCESO ADICIONAL DE MATERIA--NOMBRE DE PERSONA | |
| Nombre de persona | Valéry, Paul- |
| Subdivisión general | Cuadernos de notas, apuntes, etc. |
| 9 (RLIN) | 161213 |
| 700 1# - ENTRADA AGREGADA--NOMBRE PERSONAL | |
| Nombre de persona | Sánchez Robayna, Andrés. |
| 9 (RLIN) | 102879 |
| 700 1# - ENTRADA AGREGADA--NOMBRE PERSONAL | |
| Nombre de persona | Privat, Maryse. |
| 9 (RLIN) | 138178 |
| 700 1# - ENTRADA AGREGADA--NOMBRE PERSONAL | |
| Nombre de persona | Sainz, Fátima. |
| 9 (RLIN) | 138179 |
| 852 ## - LOCALIZACIÓN | |
| Ubicación | ES-MaACL |
| Número de control de estantería | L-29534 |
| Estatus retirado | Estado de pérdida | Estado de daño | No para préstamo | Biblioteca de origen | Biblioteca actual | Ubicación en estantería | Fecha de adquisición | Fuente de adquisición | Total de préstamos | Signatura topográfica completa | Código de barras | Visto por última vez | Precio de reemplazo | Tipo de ítem Koha |
|---|---|---|---|---|---|---|---|---|---|---|---|---|---|---|
| Biblioteca del Ateneo de Madrid | Biblioteca del Ateneo de Madrid | Depósito 2 | 13/08/2008 | L-29534 | 1177526 | 23/02/2023 | 23/02/2023 | Libro impreso |
